Mukhtaṣar al-inṣāf wa-al-sharḥ al-kabīr : (Record no. 78037)
[ view plain ]
| 000 -LEADER | |
|---|---|
| fixed length control field | 01904nam a2200325 4500 |
| 001 - CONTROL NUMBER | |
| control field | 78037 |
| 003 - CONTROL NUMBER IDENTIFIER | |
| rucl marc code | BD-RjUL |
| 005 - DATE AND TIME OF LATEST TRANSACTION | |
| control field | 20211209083100.0 |
| 008 - FIXED-LENGTH DATA ELEMENTS--GENERAL INFORMATION | |
| fixed length control field | 210308q19601969ua 000 0 ara |
| 035 ## - SYSTEM CONTROL NUMBER | |
| System control number | (BD-RjUL)78263 |
| 040 ## - CATALOGING SOURCE | |
| Original cataloging agency | DLC |
| Transcribing agency | TxU |
| Modifying agency | TxU |
| -- | MH |
| -- | CStRLIN |
| -- | CtY |
| -- | UkOxU |
| Language of cataloging | eng |
| 041 ## - LANGUAGE CODE | |
| Language code of text/sound track or separate title | ara |
| 082 ## - DEWEY DECIMAL CLASSIFICATION NUMBER | |
| Edition number | 23 |
| Classification number | 297.814 |
| Author mark and year | SHM 1969 |
| 100 0# - MAIN ENTRY--PERSONAL NAME | |
| Personal name | Muḥammad ibn ʿAbd al-Wahhāb, |
| Dates associated with a name | 1703 or 1704-1792. |
| 9 (RLIN) | 245740 |
| 245 10 - TITLE STATEMENT | |
| Title | Mukhtaṣar al-inṣāf wa-al-sharḥ al-kabīr : |
| Remainder of title | fī fiqh Imām al-Sunnah Aḥmad ibn Ḥanbal al-Shaybānī / |
| Statement of responsibility, etc. | ikhtaṣarahumā Muḥammad ibn ʿAbd al-Wahhāb. |
| 260 ## - PUBLICATION, DISTRIBUTION, ETC. (IMPRINT) | |
| Linkage | 880-03 |
| Place of publication, distribution, etc. | [Cairo] : |
| Name of publisher, distributor, etc. | al-Maṭbaʿah al-Salafīyah wa-Maktabatuhā, |
| Date of publication, distribution, etc. | [196-?] |
| 300 ## - PHYSICAL DESCRIPTION | |
| Pagination | 512 p. ; |
| Size | 25 cm. |
| 500 ## - GENERAL NOTE | |
| General note | An abridgment of al-Mardāwīʼs al-Inṣāf, and of ʿAbd al-Raḥmān ibn Qudāmahʼs al-Sharḥ al-kabīr, both commentaries on Muwaffaq al-Dīn ibn Qudāmahʼs al-Muqniʿ. |
| 600 10 - SUBJECT ADDED ENTRY--PERSONAL NAME | |
| Personal name | Ibn Qudāmah, Muwaffaq al-Dīn ʿAbd Allāh ibn Aḥmad, |
| Dates associated with a name | 1147-1223. |
| Title of a work | Muqniʿ. |
| 650 #0 - SUBJECT ADDED ENTRY--TOPICAL TERM | |
| Topical term or geographic name as entry element | Islamic law. |
| 9 (RLIN) | 245742 |
| Topical term or geographic name as entry element | Hanbalites. |
| 9 (RLIN) | 245743 |
| 700 1# - ADDED ENTRY--PERSONAL NAME | |
| Personal name | Ibn Qudāmah, ʿAbd al-Raḥmān ibn Muḥammad, |
| Dates associated with a name | 1200 or 1201-1283 or 1284. |
| Personal name | Mardāwī, ʿAlī ibn Sulaymān, |
| Dates associated with a name | 1414 or 1415-1480 or 1481. |
| 880 0# - ALTERNATE GRAPHIC REPRESENTATION | |
| Linkage | 100-01/(3/r |
| a | محمد بن عبد الوهاب. |
| Linkage | 245-02/(3/r |
| a | مختصر الإنصاف والشرح الكبير : |
| b | في فقه إمام السنة أحمد بن حنبل الشيباني / |
| c | اختصرهما محمد بن عبد الوهاب. |
| Linkage | 260-03/(3/r |
| a | [القاهرة] : |
| b | المطبعة السلفية ومكتبتها، |
| c | [-٦٩١؟] |
| Linkage | 700-04/(3/r |
| a | ابن قدامة، عبد الرحمن بن محمد. |
| t | شرح الكبير. |
| Linkage | 700-05/(3/r |
| a | مرداوي، علي بن سليمان. |
| t | إنصاف في معرفة الراجح من الخلاف. |
| 942 ## - ADDED ENTRY ELEMENTS (KOHA) | |
| Source of classification or shelving scheme | Dewey Decimal Classification |
| Koha item type | Books |
| Lost status | Source of classification or shelving scheme | Damaged status | Not for loan | Collection code | Permanent Location | Current Location | Shelving location | Date acquired | Source of acquisition | Cost, normal purchase price | Total Checkouts | Full call number | Date last seen | Copy number | Koha item type |
|---|---|---|---|---|---|---|---|---|---|---|---|---|---|---|---|
| Dewey Decimal Classification | Not For Loan | Non-fiction | Central Library, University of Rajshahi | Central Library, University of Rajshahi | Reading Room | 16/09/1968 | zaitlinger, | 75.00 | A 297.814 SHM 1969 | 09/03/2021 | C-1 | Books |